TEXTBOOK OF PATHOLOGY (Record no. 11319)

MARC details
000 -LEADER
fixed length control field 00337nam a22001577a 4500
003 - CONTROL NUMBER IDENTIFIER
control field SGT
020 ## - INTERNATIONAL STANDARD BOOK NUMBER
International Standard Book Number 978-93-5152-369-7
082 ## - DEWEY DECIMAL CLASSIFICATION NUMBER
Classification number 616.07
Item number P15M
100 ## - MAIN ENTRY--PERSONAL NAME
Personal name MOHAN,HARSH
245 ## - TITLE STATEMENT
Title TEXTBOOK OF PATHOLOGY
250 ## - EDITION STATEMENT
Edition statement 7TH
260 ## - PUBLICATION, DISTRIBUTION, ETC. (IMPRINT)
Place of publication, distribution, etc NEW DELHI
Name of publisher, distributor, etc JAYPEE PUB
Year of Publication 2015
300 ## - PAGE DESCRIPTION
No. of Pages 954
650 ## - SUBJECT ADDED ENTRY--TOPICAL TERM
Topical term or geographic name as entry element AYURVEDA
942 ## - ADDED ENTRY ELEMENTS (KOHA)
Source of classification or shelving scheme Dewey Decimal Classification
Koha item type Books
942 ## - ADDED ENTRY ELEMENTS (KOHA)
-- 12
Holdings
Withdrawn status Lost status Source of classification or shelving scheme Damaged status Not for loan Collection code Home library Current library Shelving location Date acquired Vendor Name Cost, normal purchase price SGTU Bill Number Total Checkouts Full call number Accession No. (Barcode) Date last seen Date last borrowed Bill Date Koha item type Use restrictions
    Dewey Decimal Classification     AYURVEDA SGT FA-FP Library SGT FA-FP Library Text Book 27/03/2017 AHUJA PUB 1850.00 SGTU 7718 16 616.07 P15M FA5551 17/04/2026 17/04/2026 11/02/2017 Books  
    Dewey Decimal Classification     AYURVEDA SGT FA-FP Library SGT FA-FP Library Text Book 27/03/2017 AHUJA PUB 1850.00 SGTU 7718 25 616.07 P15M FA5552 09/12/2025 24/11/2025 11/02/2017 Books  
    Dewey Decimal Classification     AYURVEDA SGT FA-FP Library SGT FA-FP Library Text Book 27/03/2017 AHUJA PUB 1850.00 SGTU 7718 27 616.07 P15M FA5553 21/08/2021 21/08/2021 11/02/2017 Books  
    Dewey Decimal Classification     AYURVEDA SGT FA-FP Library SGT FA-FP Library Text Book 27/03/2017 AHUJA PUB 1850.00 SGTU 7718 26 616.07 P15M FA5554 08/05/2026 08/05/2026 11/02/2017 Books  
    Dewey Decimal Classification     AYURVEDA SGT FA-FP Library SGT FA-FP Library Text Book 27/03/2017 AHUJA PUB 1850.00 SGTU 7718 23 616.07 P15M FA5555 11/08/2025 11/08/2025 11/02/2017 Books  
    Dewey Decimal Classification     AYURVEDA SGT FA-FP Library SGT FA-FP Library Text Book 27/03/2017 AHUJA PUB 1850.00 SGTU 7718 31 616.07 P15M FA5556 20/05/2025 20/05/2025 11/02/2017 Books  
    Dewey Decimal Classification     AYURVEDA SGT FA-FP Library SGT FA-FP Library Text Book 27/03/2017 AHUJA PUB 1850.00 SGTU 7718 24 616.07 P15M FA5557 05/06/2025 16/05/2025 11/02/2017 Books  
    Dewey Decimal Classification     AYURVEDA SGT FA-FP Library SGT FA-FP Library Reference Book 27/03/2017 AHUJA PUB 1850.00 SGTU 7718 3 616.07 P15M FA5558 16/02/2024 08/02/2024 11/02/2017 Books Restricted Access
    Dewey Decimal Classification     AYURVEDA SGT FA-FP Library SGT FA-FP Library Text Book 27/03/2017 AHUJA PUB 1850.00 SGTU 7718 22 616.07 P15M FA5559 13/07/2021 12/04/2021 11/02/2017 Books  
    Dewey Decimal Classification     AYURVEDA SGT FA-FP Library SGT FA-FP Library Text Book 27/03/2017 AHUJA PUB 1850.00 SGTU 7718   616.07 P15M FA5560 27/03/2017   11/02/2017 Books